000 00465nam a22001817a 4500
999 _c6290
_d6288
005 20210825165355.0
008 200518b xxu||||| |||| 00| 0 eng d
020 _a9789384875350
041 _aeng
082 _a615.19 DAH
100 _aDahiv Randhir Singh
_95541
245 _aTEXTBOOK OF PHARMACOGNOSY AND PHYTOCHMISTRY-I
250 _a1'st
260 _aModinagar (UP)
_bUnnati Publication
_c2020
300 _a188
650 _aPharmacy
_96669
942 _cBK